000 01479cam a2200349 a 4500
001 29925
003 OSt
005 20160513114408.0
008 860801r19671966maua b 001 0 eng d
020 _a0807041831
_c$3.95
035 _a(OCoLC)ocm15868402
035 _a(NNC)1207320
040 _aMNP
_cMNP
_dm/c
_dWEA
_dOCL
_dZCU
043 _an-us---
082 _a305.873/NEG
245 0 4 _aThe Negro American /
_cedited and with introductions by Talcott Parsons and Kenneth B. Clark and with a foreword by Lyndon B. Johnson ; illustrated with a 32 page portfolio of photographs by Bruce Davidson selected and introduced by Arthur D. Trottenberg.
260 _aBoston :
_bBeacon Press,
_c1967, c1966.
300 _axxix, 781 p. :
_bill. ;
_c20 cm.
490 1 _aThe Daedalus library
500 _a"Beacon paperback."
500 _aMost of the essays appeared originally, "some of them in slightly different form, in the Fall 1965 and Winter 1966 issues of Daedalus, the journal of the American Academy of Arts and Sciences"--T.p. verso.
500 _aReprint. Originally published: Houghton Mifflin, 1966.
504 _aIncludes bibliographical references and indexes.
650 0 _aAfrican Americans.
650 0 _aAfrican Americans
_xCivil rights.
700 1 _aParsons, Talcott,
_d1902-1979.
700 1 _aClark, Kenneth Bancroft,
_d1914-2005.
730 0 _aDaedalus (Boston, Mass.)
830 0 _aDaedalus library.
942 _2ddc
_cCIRC
999 _c6459
_d6459